काली गंगा : (Record no. 115712)

MARC details
000 -LEADER
fixed length control field 01119nam a22002777a 4500
003 - CONTROL NUMBER IDENTIFIER
control field dpl
005 - DATE AND TIME OF LATEST TRANSACTION
control field 20180911144820.0
008 - FIXED-LENGTH DATA ELEMENTS--GENERAL INFORMATION
fixed length control field 180911b xxu||||| |||| 00| 0 eng d
010 ## - LIBRARY OF CONGRESS CONTROL NUMBER
LC control number B-144443
020 ## - INTERNATIONAL STANDARD BOOK NUMBER
Terms of availability 225.00
International Standard Book Number 8190165534
035 ## - SYSTEM CONTROL NUMBER
System control number B-144443, B-144450
037 ## - SOURCE OF ACQUISITION
Source of stock number/acquisition Cen Lib/Ret
040 ## - CATALOGING SOURCE
Original cataloging agency DPL
Language of cataloging HN
Transcribing agency 0
082 ## - DEWEY DECIMAL CLASSIFICATION NUMBER
Classification number
Item number महता
100 ## - MAIN ENTRY--PERSONAL NAME
Personal name महताब, एम.के
9 (RLIN) 62862
245 ## - TITLE STATEMENT
Title काली गंगा :
Statement of responsibility, etc एम.के.महताब
Remainder of title कहानी संग्रह /
246 ## - VARYING FORM OF TITLE
Title proper/short title Kaali ganga : kahani sangarh /
Remainder of title by M.K. Mahtab
260 ## - PUBLICATION, DISTRIBUTION, ETC. (IMPRINT)
Place of publication, distribution, etc दिल्ली
Name of publisher, distributor, etc उपेन्द्रनाथ एंड संस
Date of publication, distribution, etc 2005
270 ## - ADDRESS
City दिल्ली
Address 8, वजय मार्किट, सेक्टर-9, रोहिणी
Postal code 110085
300 ## - PHYSICAL DESCRIPTION
Extent 216पृ.
Dimensions 19सेमी (सजिल्द)
650 ## - SUBJECT ADDED ENTRY--TOPICAL TERM
Topical term or geographic name as entry element हिन्दी साहित्य
9 (RLIN) 62863
650 ## - SUBJECT ADDED ENTRY--TOPICAL TERM
Topical term or geographic name as entry element हिंदी कहानियां
9 (RLIN) 2082
650 ## - SUBJECT ADDED ENTRY--TOPICAL TERM
Topical term or geographic name as entry element Hindi literature
9 (RLIN) 62864
650 ## - SUBJECT ADDED ENTRY--TOPICAL TERM
Topical term or geographic name as entry element Hindi stories
9 (RLIN) 62865
942 ## - ADDED ENTRY ELEMENTS (KOHA)
Source of classification or shelving scheme Dewey Decimal Classification
Koha item type Hindi Books
Classification part
Call number suffix महता
Holdings
Withdrawn status Lost status Damaged status Not for loan Home library Current library Date acquired Source of acquisition Cost, normal purchase price Total Checkouts Full call number Barcode Date last seen Copy number Cost, replacement price Price effective from Koha item type Source of classification or shelving scheme Collection code
        Central Library Central Library 21/08/2015 Cen Lib/Ref 225.00   क महता B-144443 21/08/2015 1 225.00 21/08/2015 Hindi Books    
        Shahdara Branch Shahdara Branch 11/09/2018 BPPD/PUB 225.00   क महता B-144450 11/09/2018   225.00 11/09/2018 Hindi Books Dewey Decimal Classification Fiction

© Delhi Public Library
Hit Counter
free hit counter